000
00299nam a2200133Ia 4500
008
190216s9999||||xx |||||||||||||| ||und||
100
_a
Narayanan
245
0
_a
Complex Analysis
250
_a
6th Ed.
260
_b
S.Viswanathan Pvt
_c
1997
300
_a
240
650
_a
Mathe Matics
942
_c
BK
999
_c
32506
_d
32506